Highest Points in U.S. States #1 - Statistics

General Stats
  • This quiz has been taken 175 times
  • The average score is 7 of 10
Answer Stats
Elevation State Point % Correct
1670ft Iowa Hawkeye Point
95%
1257ft Indiana Hoosier Hill
90%
4039ft Kansas Mount Sunflower
81%
13147ft Nevada Boundary Peak
81%
7242ft South Dakota Black Elk Peak
81%
12662ft Idaho Borah Peak
76%
13804ft Wyoming Gannett Peak
71%
2407ft Alabama Cheaha Mountain
67%
345ft Florida Britton Hill
67%
2753ft Arkansas Signal Hill
24%
No matching quizzes found
Score Distribution
Percent of People with Each Score
Percentile by Number Answered
Your Score History
You have not taken this quiz